| 000 | 00366nam a2200109Ia 4500 | ||
|---|---|---|---|
| 008 | 190125s9999 xx 000 0 und d | ||
| 082 |
_a624.0683 LOO _b624.0683 LOO |
||
| 100 |
_aMartin Loosemore _913220 |
||
| 245 | _aHuman Resources Management in Construction Projects Strategic and Operational Approaches | ||
| 260 | _b Spon Press ; London \New York | ||
| 260 | _c2003 | ||
| 999 |
_c522921 _d522921 |
||